|
|
|
|
| LEADER |
00867pam a22002778a 4500 |
| 001 |
00019349 |
| 005 |
20171026081022.0 |
| 008 |
110506s1987 ||||||Viesd |
| 041 |
0 |
# |
|a Vie
|
| 082 |
1 |
4 |
|a 895.922 334
|b T527T
|
| 100 |
0 |
# |
|a Bùi Hiển
|
| 245 |
0 |
0 |
|a Tuyển tập Bùi Hiển
|c Bùi Hiển, Phan Cự Đệ
|n T.4
|
| 260 |
# |
# |
|a H.
|b Văn học
|c 1987
|
| 300 |
# |
# |
|a 538 tr.
|c 19 cm.
|
| 500 |
# |
# |
|a ĐTTS ghi: Văn học hiện đại Việt Nam
|
| 650 |
# |
4 |
|a Kí
|
| 650 |
# |
4 |
|a Văn học hiện đại
|
| 650 |
# |
4 |
|a Việt Nam
|
| 653 |
# |
# |
|a Nghiên cứu văn học
|
| 653 |
# |
# |
|a Truyện ngắn
|
| 700 |
0 |
# |
|a Phan Cự Đệ
|
| 852 |
# |
# |
|j KD.0004450
|
| 852 |
# |
# |
|b Kho đọc
|j KD.0004450
|
| 910 |
|
|
|d 06/05/2011
|
| 980 |
# |
# |
|a Trung tâm Học liệu Lê Vũ Hùng, Trường Đại học Đồng Tháp
|